| 000 | 00960nam a2200289 a 4500 | ||
|---|---|---|---|
| 001 | 40705 | ||
| 003 | BD-RjUL | ||
| 005 | 20211209053252.0 | ||
| 008 | 160509s1967 njuabc b 001 0 eng | ||
| 035 | _a(BD-RjUL) 40820 | ||
| 035 | _a(OCoLC)601777 | ||
| 040 |
_aDLC _cOClW _dOCoLC _dDLC _d(BD-RjUL) _beng |
||
| 041 | _aeng | ||
| 082 |
_a320.96761 _223 _bAPP 1967 |
||
| 100 | 1 |
_aApter, David E. _q(David Ernest), _d1924-2010. _9125239 |
|
| 245 | 1 | 4 |
_aThe political kingdom in Uganda : _ba study in bureaucratic nationalism / _cby David E. Apter |
| 250 | _a2nd ed. | ||
| 260 |
_aPrinceton, N.J. : _bPrinceton University Press, _c1967 |
||
| 300 |
_axxii, 498 p. : _billus., maps, port. ; _c21 cm. |
||
| 500 | _aIncludes index | ||
| 504 | _aBibliographical footnotes. | ||
| 651 | 0 |
_aUganda _xPolitics and government. _9125240 |
|
| 651 | 0 |
_aBuganda _xPolitics and government. _9125241 |
|
| 942 |
_2ddc _cBK |
||
| 999 |
_c40705 _d40705 |
||